000 00486nam a22001577a 4500
005 20240226012843.0
008 240226b |||||||| |||| 00| 0 eng d
020 _a9810033613
082 _222
_a322.44
_bcon.
100 _aSingh, Mehervan DR.
245 _aContemporary Personal Impressions upon :
_bIndian Independence movement and punjabi suba struggle /
_cDr. Mehervan Singh.
260 _aSingapore :
_bMaja Marketing /
_c1992
300 _a206 p :
650 _aHistorial.
942 _cL
999 _c484
_d484